Molt soroll per no res / William Shakespeare ; traducció de Josep M. de Sagarra
ISBN:
84-7794-753-8
Descripción Física:
134 p. ; 17,4 cm
Otros Autores:
Sagarra, Josep M. de, 1894-1961
MARC
| LEADER | 00000nam a2200000Ia 4500 | ||
|---|---|---|---|
| 001 | 13168 | ||
| 008 | 160829s2000 xx 000 0 cat d | ||
| 020 | |a 84-7794-753-8 | ||
| 080 | |a L-1-350 | ||
| 100 | 1 | |a Shakespeare, William, |d 1564-1616 |9 29098 | |
| 245 | |a Molt soroll per no res / William Shakespeare ; traducció de Josep M. de Sagarra | ||
| 250 | |a 2a ed. | ||
| 260 | |a Barcelona : |b Institut del Teatre de la Diputació de Barcelona, |c 2000 | ||
| 300 | |a 134 p. ; |c 17,4 cm | ||
| 490 | |a Col·lecció Popular de Teatre Clàssic Universal, 20 | ||
| 590 | |a Títol original : Much Ado About Nothing | ||
| 700 | 1 | |a Sagarra, Josep M. de, |d 1894-1961 |e traductor |9 56454 | |
| 710 | 1 | |a Institut del Teatre (Barcelona, Catalunya) |9 52662 | |
| 710 | 1 | |a Barcelona (Catalunya : Província). |b Diputació |9 52408 | |
| 901 | |a Arxiu | ||
| 942 | |n 1 |2 udc | ||
| 952 | |0 0 |1 0 |4 0 |6 L1350 |7 1 |9 48251 |a Arxiu |b Arxiu |d 2016-12-01 |l 0 |o L-1-350 |p 13168 |r 2016-12-01 00:00:00 |w 2016-12-01 |y ARXIU | ||
| 999 | |c 52057 |d 52057 | ||